LEADER 01374nam--2200433---450- 001 990000662780203316 005 20090211110002.0 010 $a88-247-0117-5 035 $a0066278 035 $aUSA010066278 035 $a(ALEPH)000066278USA01 035 $a0066278 100 $a20011003d1991----km-y0itay0103----ba 101 $aita 102 $aIT 105 $a||||||||001yy 200 1 $aTecnica bancaria 4$ecorso di computisteria e tecnica commerciale per gli istituti tecnici commerciali$fPietro Ghigini, Sergio Bussolino 205 $aNuova ed. 210 $aMilano$cA. Mondadori scuola$d1991 215 $a762 p.$d26 cm$e1 fasc.(31 p.) 225 2 $aScuola & azienda 300 $aTit. del fasc.: Operazioni di banca 410 $12001$aScuola & azienda 461 1$1001-------$12001 606 0 $aTecnica bancaria$xTesti per l'insagnamento 676 $a332.1 700 1$aGHIGINI,$bPierto$0548385 701 1$aBUSSOLINO,$bSergio$0548383 801 0$aIT$bsalbc$gISBD 912 $a990000662780203316 951 $a332.1GHI 1/4 (IRA 29 106/4)$b1276 EC$cIRA$d00012843 959 $aBK 969 $aECO 979 $aPATTY$b90$c20011003$lUSA01$h1134 979 $c20020403$lUSA01$h1715 979 $aPATRY$b90$c20040406$lUSA01$h1646 979 $aRSIAV2$b90$c20090211$lUSA01$h1100 996 $aTecnica bancaria 4$9959128 997 $aUNISA